Data Structures and Programming Design in C (Record no. 1575)

MARC details
000 -LEADER
fixed length control field 00340nam a2200133Ia 4500
008 - FIXED-LENGTH DATA ELEMENTS--GENERAL INFORMATION
fixed length control field 191201s2004 xx 000 0 und d
100 ## - MAIN ENTRY--PERSONAL NAME
Personal name KRUSE, Rebert, L
245 #0 - TITLE STATEMENT
Title Data Structures and Programming Design in C
250 ## - EDITION STATEMENT
Edition statement 2nd
260 ## - PUBLICATION, DISTRIBUTION, ETC. (IMPRINT)
Place of publication, distribution, etc N.Delhi
Name of publisher, distributor, etc Pearson Education
Date of publication, distribution, etc 2004
300 ## - PHYSICAL DESCRIPTION
Extent 671
650 ## - SUBJECT ADDED ENTRY--TOPICAL TERM
Topical term or geographic name as entry element B.Tech(CSE)
942 ## - ADDED ENTRY ELEMENTS (KOHA)
Source of classification or shelving scheme Dewey Decimal Classification
Koha item type Text Books
Holdings
Withdrawn status Lost status Source of classification or shelving scheme Damaged status Not for loan Collection code Home library Current library Date acquired Source of acquisition Cost, normal purchase price Bill Number Total Checkouts Full call number Acc. no. / Barcode Date last seen Bill Date Koha item type Date last borrowed
    Dewey Decimal Classification     B.Tech(CSE) PIET C-LIBRARY PIET C-LIBRARY 18/08/2006 M/s UDH , Delhi 250.00 125382   005.133 KRD 2674 04/12/2019 23/08/2005 Text Books  
    Dewey Decimal Classification     B.Tech(CSE) PIET C-LIBRARY PIET C-LIBRARY 18/08/2006 M/s UDH , Delhi 250.00 125382 1 005.133 KRD 2675 05/04/2021 23/08/2005 Text Books 05/03/2021

Design & Developed by: PIET Central Library
R70 Miles Stone Pattikalyana Samalkha Panipat 132102
mail ID :- [email protected], Phone No:- 0180-2569700 Ex.216